| 000 | 00574nam a2200181 a 4500 | ||
|---|---|---|---|
| 001 | 2573 | ||
| 003 | CDMR | ||
| 005 | 20130411155232.0 | ||
| 008 | 130130s1984||||||||||||||||||||||||||||d | ||
| 020 | _a8486153220 | ||
| 040 |
_aCDMR _bcat _cCDMR |
||
| 100 | 1 |
_9608 _aGarcía Gutiérrez, Antonio Luis |
|
| 245 | 1 | 0 |
_aLingüística documental _b: aplicación a la documentación de la comunicación social _cAntonio Luis García Gutiérrez |
| 260 |
_aBarcelona _c1984 _bMitre |
||
| 490 | 0 | _aTextos de informática y documentación | |
| 650 | 0 | 4 |
_92605 _aDocumentació |
| 942 |
_cMON _2ddc |
||
| 999 |
_c2573 _d2573 |
||